Home management (Record no. 755549)
[ view plain ]
| 000 -LEADER | |
|---|---|
| fixed length control field | 00457nam a2200181 4500 |
| 020 ## - INTERNATIONAL STANDARD BOOK NUMBER | |
| ISBN | 9789395161589 |
| 082 ## - DEWEY DECIMAL CLASSIFICATION NUMBER | |
| Classification number | 640 |
| Item number | VAR.H |
| 084 ## - OTHER CLASSIFICATION NUMBER | |
| Source of Number | Colon Classification |
| 100 ## - MAIN ENTRY--AUTHOR NAME | |
| Personal name | Varghese,M A |
| 245 ## - TITLE STATEMENT | |
| Title | Home management |
| 250 ## - EDITION STATEMENT | |
| Edition statement | 3rd ed. |
| 260 ## - PUBLICATION, DISTRIBUTION, ETC. (IMPRINT) | |
| Place of publication | NewDelhi: |
| Name of publisher | New Age International, |
| Year of publication | 2023. |
| 300 ## - PHYSICAL DESCRIPTION | |
| Number of Pages | 242p. |
| 700 ## - ADDED ENTRY--PERSONAL NAME | |
| Personal name | Nalini N Ogale |
| 700 ## - ADDED ENTRY--PERSONAL NAME | |
| Personal name | Kamala Srinivasan |
| 942 ## - ADDED ENTRY ELEMENTS (KOHA) | |
| Source of classification or shelving scheme | Dewey Decimal Classification |
| Koha item type | Gift |
| Withdrawn status | Lost status | Source of classification or shelving scheme | Damaged status | Not for loan | Home Library | Current Location | Shelving location | Date acquired | Full call number | Accession Number | Price effective from | Koha item type |
|---|---|---|---|---|---|---|---|---|---|---|---|---|
| Dewey Decimal Classification | Campus Library Kariavattom | Campus Library Kariavattom | General Stacks | 31/01/2026 | 640 VAR.H | UCLG1071 | 30/01/2026 | Gift |
